Southville International School and Colleges
Your cart is empty.
  • Cart
  • Lists
    Public lists Eva Luna New books Lux_list list_1
    Your lists Log in to create your own lists
  • Log in to your account
  • Your cookies
  • Search history
Southville International School and Colleges
  • Advanced search
  • Recent comments
  • Most popular
  • Libraries

Log in to your account

Log in with GOOGLE


If you do not have an external account, but do have a local account, you can still log in:

  1. Home
  2. MARC view: The infographic guide to personal finance /
Normal view MARC view ISBD view

The infographic guide to personal finance / (Record no. 360169)

[ view plain ]
MARC details
000 -LEADER
fixed length control field 00799nam a2200289Ia 4500
008 - FIXED-LENGTH DATA ELEMENTS--GENERAL INFORMATION
fixed length control field 181129s9999 xx 000 0 und d
020 ## - INTERNATIONAL STANDARD BOOK NUMBER
International Standard Book Number 9781507204665
050 ## - LIBRARY OF CONGRESS CALL NUMBER
Classification number 332
050 ## - LIBRARY OF CONGRESS CALL NUMBER
Item number C117 2017
100 ## - MAIN ENTRY--PERSONAL NAME
Personal name Cagan, Michele
245 #4 - TITLE STATEMENT
Title The infographic guide to personal finance /
245 #0 - TITLE STATEMENT
Statement of responsibility, etc by Michele Cagan and Elisabeth Lariviere.
260 ## - PUBLICATION, DISTRIBUTION, ETC. (IMPRINT)
Place of publication, distribution, etc New York, NY :
260 ## - PUBLICATION, DISTRIBUTION, ETC. (IMPRINT)
Name of publisher, distributor, etc Adams Media,
260 ## - PUBLICATION, DISTRIBUTION, ETC. (IMPRINT)
Date of publication, distribution, etc 2017
300 ## - PHYSICAL DESCRIPTION
Extent 127 pages :
300 ## - PHYSICAL DESCRIPTION
Other physical details color illustrations ;
300 ## - PHYSICAL DESCRIPTION
Dimensions 23cm.
440 ## - SERIES STATEMENT/ADDED ENTRY--TITLE
Title Visual reference for everything you need to know.
650 ## - SUBJECT ADDED ENTRY--TOPICAL TERM
Topical term or geographic name as entry element Budgets, Personal.
650 ## - SUBJECT ADDED ENTRY--TOPICAL TERM
Topical term or geographic name as entry element Finance, Personal --
650 ## - SUBJECT ADDED ENTRY--TOPICAL TERM
Topical term or geographic name as entry element Financial literacy.
650 ## - SUBJECT ADDED ENTRY--TOPICAL TERM
General subdivision Life skills guides.
700 ## - ADDED ENTRY--PERSONAL NAME
Personal name Lariviere, Elisabeth.
700 ## - ADDED ENTRY--PERSONAL NAME
Personal name Series.
700 ## - ADDED ENTRY--PERSONAL NAME
Personal name Title.
Holdings
Withdrawn status Lost status Damaged status Home library Current library Shelving location Date acquired Total Checkouts Full call number Barcode Date last seen Price effective from Koha item type
      Stonyhurst Southville International School (Malarayat) Stonyhurst Southville International School (Malarayat)   11/29/2018   SHS 332 C117 2017 SSISM5963 11/29/2018 11/29/2018 Books

The infographic guide to personal finance /

APA

Cagan M., Lariviere E., Series & Title.The infographic guide to personal finance. New York, NY: .

Chicago

Cagan Michele, Lariviere Elisabeth, Series and Title.The infographic guide to personal finance. New York, NY: .

Harvard

Cagan M., Lariviere E., Series and Title.The infographic guide to personal finance. New York, NY: .

MLA

Cagan Michele, Lariviere Elisabeth, Series and Title.New York, NY: . .

  • Place hold
  • Print
  • Cite
  • Add to your cart (remove)
  • Save record
    BIBTEX Dublin Core MARCXML MARC (non-Unicode/MARC-8) MARC (Unicode/UTF-8) MARC (Unicode/UTF-8, Standard) MODS (XML) RIS
  • More searches
    Search for this title in:
    Other Libraries (WorldCat) Other Databases (Google Scholar) Online Stores (Bookfinder.com) Open Library (openlibrary.org)

Exporting to Dublin Core...

SOUTHVILLE LIBRARY

Southville International School and Colleges Library

1281 Tropical Ave. Cor. Luxembourg St., BF Homes International, Las Pinas City

Tel. No. 8256374 / 252358 Loc. 117/146

Powered by Koha